00249pab a2200097 454500008003600000100001700036245003800053650001800091650002400109773001800133180718b xxu||||| |||| 00| 0 eng d aArjun, Singh aConservation of urban environment a Conservation aEnvironment - India aCivic Affairs